书目信息 |
| 题名: |
女性休闲
|
|
| 作者: | 亨德森 , 拜尔列席基, , 箫, 著 ;刘耳 , 季斌 , 马岚 译 | |
| 分册: | ||
| 出版信息: | 昆明 云南人民出版社 2000.08 |
|
| 页数: | 382页 | |
| 开本: | 21cm | |
| 丛书名: | ||
| 单 册: | ||
| 中图分类: | C913.3 | |
| 科图分类: | ||
| 主题词: | 女性--nu xing--闲暇社会学--研究 | |
| 电子资源: | ||
| ISBN: | 7-222-02558-8 | |
| 000 | 01286nam0 2200325 450 | |
| 001 | 012007902622 | |
| 005 | 20071109091031.57 | |
| 010 | @a7-222-02558-8@dCNY26.00 | |
| 100 | @a20071108d2000 km y0chiy0120 ea | |
| 101 | 1 | @achi@ceng |
| 102 | @aCN@b530000 | |
| 105 | @ay z 000yy | |
| 106 | @ar | |
| 200 | 1 | @a女性休闲@Anu xing xiu xian@e女性主义的视角@f(美) 卡拉·亨德森 ... [等] 著@F(mei)ka la·heng de sen...[deng]zhu@g刘耳, 季斌, 马岚译@Gliu er,ji bin,ma lan yi |
| 210 | @a昆明@c云南人民出版社@d2000.08 | |
| 215 | @a382页@d21cm | |
| 300 | @a国家软科学研究项目支助成果 | |
| 304 | @a题名页题: 卡拉·亨德森, 黛博拉·拜尔列席基, 苏珊·箫, 瓦列丽亚·弗莱辛格著 | |
| 330 | @a本书主要采用社会心理学的研究方法,同时,也借鉴了更广泛的社会学和文化学的方法,来研究女性休闲问题。书中着重讨论了:女性休闲的公平、赋权与社会变革等问题。 | |
| 517 | 1 | @a女性主义的视角@Anu xing zhu yi de shi jiao |
| 606 | 0 | @a女性@Anu xing@x闲暇社会学@x研究 |
| 690 | @aC913.3@v4 | |
| 701 | 1 | @a亨德森@Aheng de sen@g(Henderson, Karla A.)@4著 |
| 701 | 1 | @a拜尔列席基,@Abai er lie xi ji@b黛博拉@4著 |
| 701 | 1 | @a箫,@Axiao@b苏珊@4著 |
| 702 | 0 | @a刘耳@Aliu er@4译 |
| 702 | 0 | @a季斌@Aji bin@4译 |
| 702 | 0 | @a马岚@Ama lan@4译 |
| 801 | 0 | @aCN@b@c20071109 |
| 905 | @b264789-91@dC913.3@eH380@f3 | |
| 女性休闲:女性主义的视角/(美) 卡拉·亨德森 ... [等] 著/刘耳, 季斌, 马岚译.-昆明:云南人民出版社,2000.08 |
| 382页;21cm |
| 国家软科学研究项目支助成果 |
| ISBN 7-222-02558-8:CNY26.00 |
| 本书主要采用社会心理学的研究方法,同时,也借鉴了更广泛的社会学和文化学的方法,来研究女性休闲问题。书中着重讨论了:女性休闲的公平、赋权与社会变革等问题。 |
| ● |
| 相关链接 |
|
|
|
正题名:女性休闲
索取号:C913.3/H380
 
预约/预借
| 序号 | 登录号 | 条形码 | 馆藏地/架位号 | 状态 | 备注 |
| 1 | 264789 | 202647895 | 社科库509/509社科库 62排1列6层/ [索取号:C913.3/H380] | 在馆 | |
| 2 | 264790 | 202647902 | 社科库509/509社科库 62排1列6层/ [索取号:C913.3/H380] | 在馆 | |
| 3 | 264791 | 202647911 | 社科库509/509社科库 62排1列6层/ [索取号:C913.3/H380] | 在馆 |